Elementos de zoología
Gespeichert in:
| 1. Verfasser: | |
|---|---|
| Weitere Verfasser: | |
| Format: | keine Angabe |
| Sprache: | Spanisch |
| Erschienen: |
Barcelona
Gustavo Gili, editor (Guinart y Pujolar, impresor)
1926
|
| Katalog: | MANES: Suchergebnis im Bibliothekskatalog |
| Schulbuchspezifische Eigenschaften: |
|
| Tags: |
Tag hinzufügen
Keine Tags, Fügen Sie den ersten Tag hinzu!
|
| Hinzugefügt zu: | 26.04.2016 |
| Geändert in: | 30.01.2026 |
MARC
| LEADER | 000000000a22000000004500 | ||
|---|---|---|---|
| 001 | 35609 | ||
| 003 | OSt | ||
| 005 | 20260130082942.0 | ||
| 008 | 160427s sp ||||| |||| 00| 0 spa d | ||
| 040 | |a manes |c manes | ||
| 041 | |a Español | ||
| 100 | 1 | |a Pardillo, Francisco |c trad. |9 19664 | |
| 690 | |a CN | ||
| 700 | 1 | |a Schmeil, Otto |9 19818 | |
| 245 | 0 | 0 | |a Elementos de zoología |
| 260 | 3 | |a Barcelona |b Gustavo Gili, editor (Guinart y Pujolar, impresor) |c 1926 | |
| 300 | |a 183 p., XIV h. de lám. |c 23 cm | ||
| 500 | |a Signatura: JE9/23(1). Enc. ed. en tela con planchas cromolit. |a Signatura: JE9/46. Rúst. en cart. | ||
| 691 | 0 | |a SE | |
| 942 | |2 ddc |c BK | ||
| 546 | |a España | ||
| 999 | |c 42607 |d 42607 | ||
| 999 | |c manes:42607 |d 42607 | ||